[Event "Retro WM 84 Glasgow"]
[Site "Salzgitter"]
[Date "2020.04.30"]
[Round "36"]
[White "Meph. Excalibur O Serie , 8 MHz"]
[Black "Sargon III Macintosh 68000 , 7,83 MHz"]
[Result "0-1"]
[WhiteElo "1750"]
[BlackElo "1650"]
[PlyCount "79"]

1. c4 e6 2. d4 Bb4+ 3. Bd2 Bxd2+ 4. Nxd2 Ne7 5. e4 O-O 6. Ngf3 d5 7. Bd3 dxe4
8. Bxe4 f5 9. Bc2 Nbc6 10. Nb3 Qd6 11. Qd2 Qb4 12. Qxb4 Nxb4 13. Bb1 b6 14. a3
Na6 15. O-O Ng6 16. Re1 Bd7 17. Ng5 Rae8 18. f3 e5 19. d5 Nf4 20. g3 Nh5 21.
Ne6 Bxe6 22. dxe6 Rxe6 23. Nd4 Ree8 24. Nc6 Nc5 25. b4 Nb3 26. Ra2 Nd4 27. Nxd4
exd4 28. Rxe8 Rxe8 29. Bxf5 c5 30. Bg4 Nf6 31. Bf5 g6 32. Bc2 Re2 33. b5 d3 34.
Bb3 d2 35. Bd1 Re1+ 36. Kg2 Rxd1 37. Kh3 Nd7 38. f4 Nf6 39. Kh4 Ne4 40. Rxd2
0-1

[Event "Retro WM 84 Glasgow"]
[Site "Zoom"]
[Date "2020.04.29"]
[Round "37"]
[White "Colossus 3.0 Atari 8 Bit , 3,5 MHz"]
[Black "Meph. Excalibur O Serie , 8 MHz"]
[Result "1-0"]
[WhiteElo "1800"]
[BlackElo "1750"]
[PlyCount "109"]

1. e4 e5 2. Bc4 Nf6 3. d3 Nc6 4. Nc3 Bb4 5. Nge2 d5 6. exd5 Nxd5 7. Bxd5 Qxd5
8. O-O Qa5 9. Be3 Bf5 10. a3 Bxc3 11. Nxc3 Nd4 12. Bxd4 exd4 13. Re1+ Be6 14.
b4 Qf5 15. g4 Qg5 16. Ne4 Qf4 17. Nc5 O-O 18. Re4 Qf6 19. Qe2 Bd5 20. Nd7 Qc6
21. Re7 Rfd8 22. Ne5 Qc3 23. Rb1 Ba2 24. Re1 f6 25. Nc4 Bxc4 26. Rxc7 a5 27.
Qe7 Qxe1+ 28. Qxe1 Re8 29. Qa1 Bd5 30. Rd7 Bf3 31. Rxd4 axb4 32. Rxb4 Rxa3 33.
Qc1 Rea8 34. h4 Ra1 35. Rb1 R1a2 36. Qf4 Bd5 37. c4 Bc6 38. Qf5 Rd2 39. Re1 Rd8
40. Re3 Rd1+ 41. Kh2 Rh1+ 42. Kg3 Rg1+ 43. Kf4 Rd4+ 44. Re4 Bxe4 45. Qe6+ Kf8
46. dxe4 Rb1 47. g5 Rb4 48. gxf6 Rxe4+ 49. Kxe4 Rxc4+ 50. Qxc4 gxf6 51. Kf5 b5
52. Qxb5 Ke7 53. Qb7+ Kd6 54. Qxh7 Kc6 55. Kxf6 1-0

[Event "Retro WM 84 Glasgow"]
[Site "Zoom"]
[Date "2020.04.24"]
[Round "21"]
[White "Mephisto III-S Glasgow , 12 MHz"]
[Black "Cyrus II Chess Amstrad , 8 MHz"]
[Result "1-0"]
[WhiteElo "1776"]
[BlackElo "1670"]
[PlyCount "125"]

1. e4 c5 2. Nf3 Nc6 3. Bb5 Nf6 4. Nc3 Nd4 5. d3 Nxb5 6. Nxb5 d6 7. O-O Bd7 8.
a4 e5 9. Bg5 a6 10. Bxf6 gxf6 11. Nc3 Bh6 12. Nh4 Bg5 13. Qh5 Qc8 14. f3 Be3+
15. Kh1 Bg5 16. Nd5 Rb8 17. b3 h6 18. Kg1 Rg8 19. Nf5 Bxf5 20. exf5 Qxf5 21.
Rfe1 Qg6 22. Qxg6 Rxg6 23. f4 Bh4 24. Re3 Rc8 25. Rh3 Rg4 26. g3 Kf8 27. Ne3
Rg6 28. Rxh4 exf4 29. Rxf4 h5 30. Nd5 Re8 31. Rxf6 Rxf6 32. Nxf6 Re2 33. c3 Rd2
34. d4 cxd4 35. c4 Ke7 36. Nxh5 Rb2 37. Re1+ Kd7 38. Nf6+ Kc6 39. Rd1 Rxb3 40.
Rxd4 Rb1+ 41. Kg2 Rb2+ 42. Kh3 Kc5 43. Rd5+ Kxc4 44. Rxd6 Kb3 45. Rb6+ Kc2 46.
Rxb2+ Kxb2 47. Kg4 Kb3 48. h4 Kxa4 49. h5 b5 50. h6 b4 51. h7 b3 52. h8=Q b2
53. Qb8 Ka3 54. Qb6 Ka2 55. Qxa6+ Kb3 56. Qb6+ Kc3 57. Nd5+ Kc2 58. Qc6+ Kb3
59. Qc3+ Ka2 60. Qc4+ Ka1 61. Qa4+ Kb1 62. Nc3+ Kc1 63. Qd1# 1-0

[Event "Retro WM 84 Glasgow"]
[Site "Zoom"]
[Date "2020.04.24"]
[Round "2"]
[White "Cyrus II Chess Amstrad , 8 MHz"]
[Black "Mephisto III-S Glasgow , 12 MHz"]
[Result "0-1"]
[WhiteElo "1670"]
[BlackElo "1776"]
[PlyCount "94"]

1. d4 d5 2. Nc3 Nf6 3. Bg5 c5 4. Bxf6 gxf6 5. e4 dxe4 6. dxc5 Qxd1+ 7. Rxd1 Nd7
8. Nd5 Rb8 9. Nc7+ Kd8 10. Nb5 Rg8 11. a3 a6 12. Nc3 f5 13. g3 e6 14. b4 Kc7
15. Bg2 Ne5 16. Nge2 Nc4 17. Ra1 Bg7 18. O-O Rd8 19. Rfd1 Rxd1+ 20. Rxd1 Nxa3
21. Rd2 Bd7 22. Bh3 Rd8 23. Kf1 Bh6 24. Nf4 Bc6 25. Rxd8 Kxd8 26. Kg1 Bxf4 27.
gxf4 Nxc2 28. b5 axb5 29. Bf1 b4 30. Nb5 Bxb5 31. Bxb5 Nd4 32. Ba4 b3 33. Bxb3
Nxb3 34. Kf1 Nxc5 35. Kg2 Nd3 36. Kg3 b5 37. h4 b4 38. Kh3 b3 39. f3 exf3 40.
Kg3 Ke7 41. Kxf3 b2 42. h5 b1=Q 43. Ke3 Qc2 44. h6 Nf2 45. Kf3 Ng4 46. Kg3 Qf2+
47. Kh3 Qh2# 0-1

[Event "Retro WM 84 Glasgow"]
[Site "Zoom"]
[Date "2020.04.28"]
[Round "18"]
[White "Meph. Excalibur O Serie , 8 MHz"]
[Black "Colossus 3.0 Atari 8 Bit , 3,5 MHz"]
[Result "1-0"]
[WhiteElo "1750"]
[BlackElo "1800"]
[PlyCount "125"]

1. d4 Nf6 2. c4 e6 3. Nc3 Bb4 4. Bd2 O-O 5. e3 d5 6. Nf3 Nc6 7. Bd3 dxc4 8.
Bxc4 Na5 9. Bd3 c5 10. Ne2 Bxd2+ 11. Qxd2 c4 12. Bc2 Bd7 13. Rb1 Bc6 14. Qb4 b5
15. O-O Bxf3 16. gxf3 a6 17. Qc5 Rc8 18. Qg5 g6 19. Rfd1 Nc6 20. Ra1 Nb4 21.
Rd2 Rc7 22. Nf4 c3 23. bxc3 Rxc3 24. Be4 Nxe4 25. Qxd8 Rxd8 26. fxe4 e5 27. Ne2
Rc4 28. a3 Nc2 29. Ra2 Ne1 30. Rd1 Nf3+ 31. Kg2 Ng5 32. f3 Kg7 33. h4 Ne6 34.
d5 Kf6 35. h5 gxh5 36. Rh1 Ng7 37. Kf2 a5 38. Rb2 b4 39. Rb3 bxa3 40. Rxa3 Ra8
41. Nc3 Rac8 42. Ne2 R4c5 43. f4 Rh8 44. fxe5+ Kxe5 45. Ng3 Rf8 46. Ra4 f5 47.
exf5 Nxf5 48. Rxh5 Rc2+ 49. Kf3 Rc3 50. Re4+ Kxd5 51. Nxf5 Rc7 52. Rf4 Rb8 53.
Nd4+ Kd6 54. Nb5+ Rxb5 55. Rxb5 Ra7 56. Ra4 Rf7+ 57. Kg4 Rg7+ 58. Rg5 Re7 59.
e4 Re5 60. Rxe5 Kxe5 61. Kg5 h6+ 62. Kh5 Kf4 63. Kxh6 1-0

[Event "Retro WM 84 Glasgow"]
[Site "Zoom"]
[Date "2020.05.01"]
[Round "8"]
[White "Novag SuperConst. TM , 16 MHz"]
[Black "Sargon III Macintosh 68000 , 7,83 MHz"]
[Result "1-0"]
[WhiteElo "1950"]
[BlackElo "1650"]
[PlyCount "127"]

1. e4 c6 2. d4 d5 3. Nc3 dxe4 4. Nxe4 Nd7 5. Bc4 Ngf6 6. Nxf6+ Nxf6 7. Nf3 Bf5
8. Qe2 e6 9. Bg5 Be7 10. O-O-O Bg4 11. h3 Bxf3 12. Qxf3 Nd5 13. Bxe7 Qxe7 14.
Kb1 Rd8 15. Qe4 b5 16. Bb3 O-O 17. Rhe1 Qf6 18. f3 Qg5 19. g4 Qh6 20. h4 Qf6
21. g5 Qe7 22. c3 Rd6 23. Bc2 f5 24. gxf6 Nxf6 25. Qd3 Qc7 26. f4 a5 27. f5
exf5 28. Qxf5 Qd7 29. Qg5 Nd5 30. Rf1 Rdf6 31. Rxf6 Rxf6 32. Qe5 Qf7 33. Re1
Rf1 34. Bd3 Rxe1+ 35. Qxe1 Nf4 36. Be4 Nd5 37. c4 bxc4 38. Qe2 Nf4 39. Qg4 Ne6
40. Bg2 Qf6 41. Bxc6 Qf1+ 42. Kc2 Qf5+ 43. Qxf5 Nxd4+ 44. Kc3 Nxf5 45. Kxc4 Kf7
46. b4 axb4 47. h5 Kf6 48. Kxb4 g6 49. hxg6 hxg6 50. a4 g5 51. a5 Nd4 52. Bg2
g4 53. a6 Ne6 54. a7 Nc7 55. Kc5 Ke7 56. Kb6 Kd7 57. Kb7 Kd8 58. Be4 g3 59. Bc6
g2 60. Bxg2 Kd7 61. Bh3+ Kd6 62. Bg4 Na8 63. Kxa8 Kc7 64. Bh3 1-0

[Event "Retro WM 84 Glasgow"]
[Site "Zoom"]
[Date "2020.05.01"]
[Round "27"]
[White "Sargon III Macintosh 68000 , 7,83 MHz"]
[Black "Novag SuperConst. TM , 16 MHz"]
[Result "1-0"]
[WhiteElo "1650"]
[BlackElo "1950"]
[PlyCount "175"]

1. e4 c5 2. Nf3 d6 3. Bb5+ Bd7 4. Bxd7+ Qxd7 5. c4 e5 6. Nc3 Nf6 7. O-O Be7 8.
d3 Nc6 9. Nd5 h6 10. Nxe7 Qxe7 11. Bd2 Rb8 12. Qa4 O-O 13. Qa3 b5 14. cxb5 Rxb5
15. Qa6 Rb6 16. Qa3 d5 17. Rfe1 Rfb8 18. Rac1 Rxb2 19. exd5 Nxd5 20. Qxc5 Qxc5
21. Rxc5 Nde7 22. Bc3 Rxa2 23. Nxe5 Rc8 24. d4 Rc2 25. Nxc6 Nxc6 26. d5 Ne7 27.
d6 Rxc5 28. dxe7 Rc8 29. e8=R+ Rxe8 30. Rxe8+ Kh7 31. Be1 Kg6 32. Kf1 a6 33.
Re7 Kf6 34. Rb7 Rc6 35. Bd2 Kg6 36. Ke2 Kf6 37. Kd3 Ke6 38. Bb4 g6 39. Re7+ Kf6
40. Re4 Kg7 41. Bc3+ Kf8 42. f3 Rc8 43. Bb4+ Kg7 44. Rd4 Ra8 45. Bc3 Kf8 46.
Kc4 Ke8 47. Rd5 Ke7 48. Bb4+ Ke6 49. Rd6+ Ke5 50. Rc6 Kf5 51. Bc3 Kf4 52. Bd4
Kg5 53. Rf6 Rc8+ 54. Kd3 Ra8 55. Rxf7 Rd8 56. f4+ Kh5 57. Rf6 Ra8 58. Ke4 g5
59. Be3 Kg4 60. f5 h5 61. Rg6 Re8+ 62. Re6 Rf8 63. Bf2 h4 64. Rxa6 h3 65. gxh3+
Kxh3 66. Rh6+ Kg2 67. Bd4 g4 68. Rh7 g3 69. hxg3 Kxg3 70. f6 Kg4 71. f7 Kg5 72.
Rg7+ Kh5 73. Bc5 Rxf7 74. Rxf7 Kg6 75. Rf5 Kh7 76. Kf4 Kg6 77. Bd4 Kh6 78. Rf6+
Kh7 79. Kg5 Kg7 80. Rf3+ Kg8 81. Kh5 Kh7 82. Be5 Kg8 83. Rf2 Kh7 84. Kg5 Kg8
85. Rf3 Kh7 86. Rh3+ Kg8 87. Kf6 Kf8 88. Rh8# 1-0

[Event "Retro WM 84 Glasgow"]
[Site "Zoom"]
[Date "2020.05.02"]
[Round "38"]
[White "Conchess T6 Glasgow , 5,5 MHz"]
[Black "Sargon III Macintosh 68000 , 7,83 MHz"]
[Result "1-0"]
[WhiteElo "1898"]
[BlackElo "1650"]
[PlyCount "49"]

1. e4 e5 2. Nf3 d6 3. d4 Nf6 4. Nc3 exd4 5. Nxd4 g6 6. Bf4 Bd7 7. Bc4 Nh5 8.
Be3 c5 9. Ndb5 Be6 10. Bxe6 fxe6 11. Qg4 Qd7 12. O-O-O Na6 13. Nxd6+ Bxd6 14.
e5 Nf6 15. exf6 Rc8 16. Nb5 Rc6 17. Bf4 Bxf4+ 18. Qxf4 Qf7 19. Nd6+ Rxd6 20.
Qxd6 Qc7 21. Qxe6+ Kf8 22. Rd7 Qxd7 23. Qxd7 h6 24. Qe7+ Kg8 25. Qg7# 1-0

[Event "Retro WM 84 Glasgow"]
[Site "Zoom"]
[Date "2020.05.02"]
[Round "19"]
[White "Sargon III Macintosh 68000 , 7,83 MHz"]
[Black "Conchess T6 Glasgow , 5,5 MHz"]
[Result "1/2-1/2"]
[WhiteElo "1650"]
[BlackElo "1898"]
[PlyCount "161"]

1. d4 e6 2. c4 d5 3. Nc3 Be7 4. cxd5 exd5 5. Bf4 Nf6 6. Qa4+ Bd7 7. Qb3 Bc6 8.
Nf3 O-O 9. Ne5 b6 10. e3 Bb7 11. Bd3 c5 12. dxc5 Bxc5 13. O-O Nc6 14. Na4 Nb4
15. Nxc5 bxc5 16. Bf5 Qb6 17. a3 Nc6 18. Qxb6 axb6 19. f3 Rfe8 20. Nd7 Nxd7 21.
Bxd7 Re7 22. Bf5 d4 23. Be4 dxe3 24. Bxe3 Rd8 25. Rfe1 Rde8 26. Bf2 Re6 27.
Rad1 h5 28. b3 g6 29. Bg3 Na5 30. Bxb7 Rxe1+ 31. Rxe1 Rxe1+ 32. Bxe1 Nxb7 33.
Kf2 Kh7 34. Ke3 Nd6 35. a4 c4 36. bxc4 Nxc4+ 37. Kd4 Nb2 38. a5 bxa5 39. Bxa5
Nd1 40. Bd2 f6 41. Kd5 Nb2 42. Bc3 Nd3 43. Kc4 Nf4 44. g3 Ng2 45. Bxf6 Ne1 46.
f4 Nf3 47. h3 Ng1 48. Bd4 Nxh3 49. Be3 Kg7 50. Kd5 Kf6 51. Ke4 Ke6 52. Bc5 Kf6
53. Bd4+ Ke6 54. Ba7 Kf6 55. Bb6 Ke6 56. Be3 Kf6 57. Ba7 Ke6 58. Bd4 Kd6 59.
Kf3 g5 60. f5 g4+ 61. Ke4 Ng5+ 62. Kf4 Nh3+ 63. Ke3 Ng5 64. Bc3 Ke7 65. Kf4 Nh7
66. Bd4 Kf7 67. Be5 Ke7 68. Bc3 Kf7 69. Ke5 Nf6 70. Bb4 Nd7+ 71. Kf4 Nf6 72.
Bd6 Nh7 73. Bc7 Ke8 74. Ke5 Ke7 75. Bb6 Nf6 76. Bc5+ Kf7 77. Be3 Nd7+ 78. Kf4
Nf6 79. Bf2 Nh7 80. Be1 Ke7 81. Bb4+ 1/2-1/2

[Event "Retro WM 84 Glasgow"]
[Site "Zoom"]
[Date "2020.05.03"]
[Round "15"]
[White "Sargon III Macintosh 68000 , 7,83 MHz"]
[Black "Meph. Excalibur X NY , 8 MHz"]
[Result "1-0"]
[WhiteElo "1650"]
[BlackElo "1750"]
[PlyCount "147"]

1. d4 d5 2. Nf3 Nf6 3. e3 Bg4 4. Be2 e6 5. Nbd2 Bb4 6. c3 Bxf3 7. Nxf3 Bd6 8.
Qb3 b6 9. Qa4+ Qd7 10. Bb5 c6 11. Bd3 O-O 12. O-O c5 13. Bb5 Qc7 14. Bd2 Ne4
15. Rfd1 c4 16. Be8 Nf6 17. Bb5 a6 18. b3 Rc8 19. bxc4 Ng4 20. h3 Nf6 21. cxd5
Ne4 22. dxe6 fxe6 23. Rac1 Nxd2 24. Rxd2 Rf8 25. Bc4 Kh8 26. Bxe6 b5 27. Qc2
Nd7 28. Ng5 Nf6 29. Bf5 g6 30. Ne6 Qe7 31. Nxf8 gxf5 32. Re2 Ne4 33. Nxh7 Qxh7
34. Qb3 Qg8 35. Qxg8+ Rxg8 36. Rec2 Kg7 37. c4 bxc4 38. Rxc4 a5 39. Rc6 Ba3 40.
Rb1 Bb4 41. h4 Rf8 42. Rbc1 Kf7 43. h5 Rh8 44. Rc7+ Ke6 45. f3 Nd6 46. g4 Bd2
47. d5+ Kf6 48. R1c6 Ke5 49. Kf1 fxg4 50. fxg4 Nb5 51. Rd7 Bxe3 52. Re6+ Kd4
53. d6 Rf8+ 54. Kg2 Bf4 55. g5 Bxg5 56. Rb7 Nc3 57. d7 Rd8 58. Re8 Nd5 59. h6
Nf4+ 60. Kh2 Ng6 61. Rxd8 Bxd8 62. Rb8 Bc7+ 63. Kh1 Ke3 64. h7 Kf2 65. Rg8 Nh8
66. Rxh8 Ke3 67. d8=Q Bxd8 68. Rxd8 Ke4 69. h8=Q Kf3 70. Qh5+ Ke4 71. a4 Kf4
72. Rd4+ Kg3 73. Qe2 Kh3 74. Qe3# 1-0

[Event "Retro WM 84 Glasgow"]
[Site "Zoom"]
[Date "2020.05.04"]
[Round "34"]
[White "Meph. Excalibur X NY , 8 MHz"]
[Black "Sargon III Macintosh 68000 , 7,83 MHz"]
[Result "0-1"]
[WhiteElo "1750"]
[BlackElo "1650"]
[PlyCount "56"]

1. e4 c6 2. Nc3 d5 3. Nf3 Bg4 4. h3 Bxf3 5. Qxf3 e6 6. d3 d4 7. Ne2 Nf6 8. Qg3
Bb4+ 9. c3 dxc3 10. bxc3 Bf8 11. Rb1 Nbd7 12. Be3 Nh5 13. Qf3 Ne5 14. Qxh5
Nxd3+ 15. Kd1 Nf4+ 16. Qd5 Nxd5 17. exd5 Qxd5+ 18. Ke1 O-O-O 19. Ra1 Bc5 20.
Nd4 Qe4 21. a4 Bb6 22. Kd1 e5 23. a5 exd4 24. axb6 dxe3+ 25. Ke1 Qc2 26. Be2
Qxc3+ 27. Kf1 Qxa1+ 28. Bd1 Qxd1# 0-1

[Event "Retro WM 84 Glasgow"]
[Site "Zoom"]
[Date "2020.05.04"]
[Round "35"]
[White "Sargon III Macintosh 68000 , 7,83 MHz"]
[Black "Meph. Excalibur Y Budapest , 8 MHz"]
[Result "0-1"]
[WhiteElo "1650"]
[BlackElo "1750"]
[PlyCount "156"]

1. b3 e5 2. Bb2 Nc6 3. e3 Nf6 4. Bb5 d6 5. Ne2 Bf5 6. d4 exd4 7. Nxd4 Bd7 8.
Nxc6 bxc6 9. Bd3 d5 10. Nd2 Bb4 11. O-O O-O 12. a3 Bd6 13. Qe2 Qe7 14. Rfd1
Rab8 15. c4 Be6 16. Qf3 Bg4 17. Bxf6 Qe6 18. cxd5 cxd5 19. Bf5 Bxf5 20. Bxg7
Kxg7 21. Qh5 Bg4 22. Qg5+ Qg6 23. Qxg6+ fxg6 24. f3 Bf5 25. e4 dxe4 26. fxe4
Bg4 27. Rdc1 Bf4 28. Ra2 Rfd8 29. Rcc2 Bxd2 30. Rxd2 Rxd2 31. Rxd2 Rxb3 32. Rc2
c5 33. h3 Be6 34. Rxc5 Rxa3 35. Rc6 Kf6 36. Rc7 h5 37. Kh2 Ra4 38. Rc5 a6 39.
e5+ Kf5 40. Kg3 Re4 41. Ra5 Bc4 42. Rc5 Bf1 43. Kf3 Rxe5 44. g4+ Kf6 45. Rc6+
Kg5 46. gxh5 gxh5 47. Kf2 Rf5+ 48. Kg3 h4+ 49. Kh2 Rf3 50. Kg1 Bb5 51. Rc5+ Kf4
52. Kh2 Bf1 53. Rc6 Rxh3+ 54. Kg1 Bd3 55. Rh6 Kg4 56. Rh8 Re3 57. Rg8+ Kf4 58.
Rh8 Re1+ 59. Kh2 Re2+ 60. Kg1 Kg3 61. Rg8+ Kh3 62. Rg5 Ra2 63. Rg7 a5 64. Rg5
a4 65. Rg7 Bc4 66. Rg5 a3 67. Ra5 Bb5 68. Rxb5 Rg2+ 69. Kf1 a2 70. Ra5 Kh2 71.
Ke1 Kg1 72. Kd1 h3 73. Kc1 h2 74. Rxa2 Rxa2 75. Kb1 Rf2 76. Kc1 h1=Q 77. Kd1
Kf1 78. Kc1 Kg2# 0-1

[Event "Retro WM 84 Glasgow"]
[Site "Zoom"]
[Date "2020.05.05"]
[Round "16"]
[White "Meph. Excalibur Y Budapest , 8 MHz"]
[Black "Sargon III Macintosh 68000 , 7,83 MHz"]
[Result "1-0"]
[WhiteElo "1750"]
[BlackElo "1650"]
[PlyCount "94"]

1. e4 g6 2. d4 Bg7 3. Nc3 d6 4. Nf3 Bg4 5. Bc4 Nc6 6. Be3 Nh6 7. d5 Ne5 8. Be2
Bxf3 9. Bxf3 Nxf3+ 10. Qxf3 O-O 11. Qh3 Qc8 12. Qxc8 Rfxc8 13. f3 c6 14. O-O-O
Bxc3 15. bxc3 Kg7 16. Bd4+ f6 17. g4 Nf7 18. h4 Ne5 19. Bxe5 fxe5 20. c4 Rf8
21. Rhf1 cxd5 22. cxd5 Rac8 23. Kd2 h6 24. h5 gxh5 25. gxh5 Kf6 26. Rg1 Rg8 27.
Kd3 Rg5 28. Rxg5 Kxg5 29. Rb1 b6 30. Rh1 Kf4 31. Rg1 Kxf3 32. Rg7 Re8 33. Rh7
e6 34. c4 b5 35. cxb5 exd5 36. exd5 e4+ 37. Kd2 Re5 38. Rf7+ Kg4 39. a4 Rxd5+
40. Ke3 Re5 41. Rf6 d5 42. Rxh6 Rxh5 43. Rxh5 Kxh5 44. a5 Kg4 45. b6 axb6 46.
axb6 Kf5 47. b7 Kf6 1-0

[Event "Retro WM 84 Glasgow"]
[Site "Zoom"]
[Date "2020.05.05"]
[Round "20"]
[White "Sargon III Macintosh 68000 , 7,83 MHz"]
[Black "Fidelity Elegance TM , 12 MHz"]
[Result "0-1"]
[WhiteElo "1650"]
[BlackElo "1910"]
[PlyCount "101"]

1. e4 c6 2. d4 d5 3. Nc3 dxe4 4. Nxe4 Bf5 5. Ng3 Bg6 6. h4 h6 7. Nf3 Nd7 8. h5
Bh7 9. Bd3 Bxd3 10. Qxd3 Qc7 11. Bd2 e6 12. Qe2 Ngf6 13. c4 Bd6 14. Nf5 Bf4 15.
Bxf4 Qa5+ 16. Bd2 Qxf5 17. Ne5 Nxe5 18. Qxe5 Qg4 19. g3 Qe4+ 20. Qxe4 Nxe4 21.
Bf4 Ke7 22. Ke2 Rad8 23. Be3 Kf6 24. Rad1 Nd6 25. Kd3 b5 26. c5 Nc4 27. Kc3
Nxe3 28. fxe3 Kg5 29. Rh4 f5 30. e4 Rd7 31. Rf1 Rhd8 32. e5 Rd5 33. b4 Ra8 34.
Kd3 a5 35. Ke3 axb4 36. Rb1 Rxa2 37. Rxb4 Ra3+ 38. Kf2 Rd8 39. Rb1 Rda8 40. Rb4
Rd3 41. Rb2 Ra4 42. Rc2 Rdxd4 43. Rxd4 Rxd4 44. Ra2 Rd5 45. Ra7 Kxh5 46. Rxg7
Rxc5 47. Rc7 b4 48. Rb7 Rb5 49. Rxb5 cxb5 50. Ke3 Kg4 51. Kd2 0-1

[Event "Retro WM 84 Glasgow"]
[Site "Zoom"]
[Date "2020.05.06"]
[Round "1"]
[White "Fidelity Elegance TM , 12 MHz"]
[Black "Sargon III Macintosh 68000 , 7,83 MHz"]
[Result "1-0"]
[WhiteElo "1910"]
[BlackElo "1650"]
[PlyCount "115"]

1. d4 d5 2. Nf3 Nf6 3. g3 c5 4. dxc5 Qa5+ 5. Nc3 e6 6. Nd2 Bxc5 7. Nb3 Ne4 8.
Nxc5 Qxc5 9. Nxe4 dxe4 10. Bg2 O-O 11. O-O f5 12. Be3 Qb4 13. Qd4 Qe7 14. Qc5
Qd8 15. Rfd1 Nd7 16. Qa3 Qc7 17. c3 Qc4 18. Qb3 Qxe2 19. Bf1 Qh5 20. Qxe6+ Qf7
21. Qxf7+ Kxf7 22. Bb5 Ke8 23. Rd6 Rf6 24. Rxf6 gxf6 25. Rd1 a6 26. Be2 Nf8 27.
Rd6 Ne6 28. Bc4 Ke7 29. Rb6 h5 30. Kg2 a5 31. a4 Rb8 32. Rb5 b6 33. Rxb6 Rb7
34. Bxe6 Rxb6 35. Bxc8 Rxb2 36. Bxf5 Ra2 37. Bxe4 Rxa4 38. Bd4 Kf7 39. Bf3 Kg6
40. Bc6 Ra2 41. Be8+ Kg7 42. Bxh5 Rb2 43. g4 a4 44. g5 Kh7 45. Bxf6 a3 46. c4
Rb6 47. Bd4 Rd6 48. Bc3 Kg8 49. Be2 Re6 50. Bf3 Kh7 51. h4 Kg6 52. Kg3 Re7 53.
Kf4 Rf7+ 54. Kg4 Ra7 55. h5+ Kf7 56. g6+ Kf8 57. h6 Ke7 58. g7 1-0

[Event "Retro WM 84 Glasgow"]
[Site "Zoom"]
[Date "2020.05.07"]
[Round "11"]
[White "Sargon III Macintosh 68000 , 7,83 MHz"]
[Black "Psion Sinclair QL , 7,5 MHz"]
[Result "0-1"]
[WhiteElo "1650"]
[BlackElo "1787"]
[PlyCount "102"]

1. c4 e6 2. Nf3 Nf6 3. g3 d5 4. Bg2 Nc6 5. cxd5 exd5 6. O-O Bf5 7. d4 Qd6 8.
Nc3 O-O-O 9. Nh4 Be4 10. f3 Bg6 11. Nxg6 hxg6 12. a3 Qe6 13. Bg5 Qf5 14. Bf4 g5
15. Bc1 Be7 16. f4 gxf4 17. Bxf4 Qh5 18. h3 Ne4 19. Nb5 Rd7 20. e3 Qxd1 21.
Raxd1 Bf6 22. Nc3 Nxc3 23. bxc3 Be7 24. a4 Nd8 25. Rb1 c6 26. Be5 f6 27. h4
fxe5 28. Bh3 g5 29. Bxd7+ Kxd7 30. dxe5 gxh4 31. gxh4 Rxh4 32. a5 Ke6 33. Rf4
Kxe5 34. Rxh4 Bxh4 35. Rb4 Be1 36. Rb3 c5 37. Kf1 c4 38. Ra3 Bd2 39. a6 Bxe3
40. axb7 Nxb7 41. Ra1 a5 42. Ke2 Ke4 43. Ra4 Bg5 44. Ra1 d4 45. cxd4 c3 46. Kd1
Kd3 47. Ra3 Nd6 48. d5 Nc4 49. Rb3 a4 50. Rxc3+ Kxc3 51. Ke2 a3 0-1

[Event "Retro WM 84 Glasgow"]
[Site "Zoom"]
[Date "2020.05.07"]
[Round "27"]
[White "Fidelity Elegance TM , 12 MHz"]
[Black "Cyrus II Chess Amstrad , 8 MHz"]
[Result "1-0"]
[WhiteElo "1910"]
[BlackElo "1670"]
[PlyCount "111"]

1. d4 Nf6 2. c4 g6 3. g3 Bg7 4. Bg2 d5 5. Nf3 Nc6 6. cxd5 Nxd5 7. e4 Nb6 8. d5
Nb4 9. a3 Na6 10. O-O Bg4 11. h3 Bxf3 12. Qxf3 Qd7 13. Nc3 O-O 14. Bf4 Nc5 15.
e5 Nc4 16. Qe2 Nb6 17. Qb5 Qxb5 18. Nxb5 Nd3 19. Nxc7 Rab8 20. Nb5 Bxe5 21.
Bxe5 Nxe5 22. Rfe1 f6 23. Nxa7 Ra8 24. Nb5 Ra5 25. Nd4 Ra4 26. Nb3 g5 27. Nc5
Ra7 28. Ne6 Rc8 29. Nxg5 Nbc4 30. Nf3 Ng6 31. Rec1 Raa8 32. b3 Nb6 33. Rxc8+
Rxc8 34. Nd4 Rc7 35. Nf5 Rc3 36. b4 Nc4 37. d6 Nxd6 38. Nxd6 exd6 39. Bd5+ Kg7
40. Bxb7 Rc7 41. Bg2 Ne5 42. a4 Kf7 43. a5 Ke6 44. b5 Rc5 45. a6 Rc3 46. a7 Rc8
47. b6 Nd3 48. b7 Rc1+ 49. Rxc1 Nxc1 50. a8=Q Ne2+ 51. Kf1 f5 52. b8=Q Nxg3+
53. fxg3 f4 54. Qg8+ Kf6 55. Qaf8+ Ke5 56. Qxf4# 1-0

[Event "Retro WM 84 Glasgow"]
[Site "Salzgitter"]
[Date "2020.05.09"]
[Round "18"]
[White "Mephisto III-S Glasgow , 12 MHz"]
[Black "Petrosjan Glasgow TM , 20 MHz"]
[Result "1/2-1/2"]
[WhiteElo "1776"]
[BlackElo "1830"]
[PlyCount "99"]

1. d4 Nf6 2. Nf3 e6 3. Bf4 c5 4. e3 Qb6 5. Nc3 Qxb2 6. Nb5 Na6 7. Bd6 Ne4 8.
Bxf8 Rxf8 9. Bd3 f5 10. Bxe4 Qxb5 11. Bd3 c4 12. Be2 Qa5+ 13. Qd2 Qxd2+ 14.
Nxd2 Nb4 15. Bh5+ Ke7 16. Bd1 d5 17. a3 Nc6 18. f4 Bd7 19. O-O Rg8 20. Rb1 b6
21. Nf3 Rad8 22. c3 Be8 23. Ng5 h6 24. Nf3 Bh5 25. Ra1 Bxf3 26. Rxf3 Kf8 27.
Rg3 Rb8 28. Bh5 g5 29. Rh3 g4 30. Rg3 Ke7 31. h3 Rg7 32. Re1 Rbg8 33. Re2 gxh3
34. Rxh3 Rg3 35. Rh2 Nd8 36. Kf1 Kd7 37. Bf3 Nf7 38. Re1 Ke8 39. Kf2 Ke7 40.
Rd1 R8g7 41. a4 Nd6 42. Rxh6 Ne4+ 43. Bxe4 dxe4 44. Rh2 Kd6 45. Rb1 R3g6 46.
Rb4 Rc7 47. Rh8 Rcg7 48. Rh2 Rc7 49. Rh8 Rcg7 50. Rh2 1/2-1/2

[Event "Retro WM 84 Glasgow"]
[Site "Detmold"]
[Date "2020.05.06"]
[Round "28"]
[White "Cyrus II Chess Amstrad , 8 MHz"]
[Black "Sargon III Macintosh 68000 , 7,83 MHz"]
[Result "0-1"]
[WhiteElo "1670"]
[BlackElo "1650"]
[PlyCount "158"]

1. e4 c6 2. d4 d5 3. Nc3 dxe4 4. Nxe4 Bf5 5. Ng3 Bg6 6. Bc4 e6 7. Bf4 Qb6 8.
Bb3 Nd7 9. Nf3 Qa5+ 10. Qd2 Qxd2+ 11. Bxd2 Ngf6 12. O-O Be7 13. Nh4 O-O-O 14.
Rae1 Nc5 15. Nxg6 hxg6 16. c3 Nxb3 17. axb3 Kb8 18. b4 Bd6 19. Ra1 Ng4 20. h3
Nf6 21. Bg5 Bc7 22. Rfe1 Rd5 23. Bxf6 gxf6 24. Ne4 Bd8 25. Ra2 e5 26. dxe5 fxe5
27. c4 Rd4 28. b3 Rh4 29. Nc3 Bc7 30. Ra3 Bd6 31. c5 Bc7 32. b5 Rd3 33. Rc1 Bd8
34. bxc6 bxc6 35. Kf1 Bg5 36. Rc2 Bd2 37. Ke2 Rhd4 38. Na2 Rd8 39. Nc1 R3d4 40.
Ra6 Kb7 41. Ra1 Re4+ 42. Kf3 Rb4 43. Rca2 Kb8 44. Rxa7 Rb7 45. Ra8+ Kc7 46.
Rxd8 Kxd8 47. b4 Rxb4 48. Ke2 Bxc1 49. Rxc1 Ke7 50. Kf3 e4+ 51. Ke3 f5 52. Ra1
Rb3+ 53. Kf4 Kf6 54. h4 Rb5 55. Rc1 Rb2 56. Ke3 Ke5 57. g3 Rb3+ 58. Ke2 Kd4 59.
Rc2 Rb5 60. Rd2+ Kxc5 61. Ke3 Rb3+ 62. Ke2 Rd3 63. Rxd3 exd3+ 64. Kxd3 Kb4 65.
Kd4 c5+ 66. Ke5 c4 67. h5 gxh5 68. Kf4 c3 69. Ke3 Kb3 70. g4 fxg4 71. f3 g3 72.
f4 c2 73. Kf3 h4 74. Ke3 c1=Q+ 75. Kf3 Qh1+ 76. Kg4 g2 77. f5 g1=Q+ 78. Kh5 Qa8
79. Kxh4 Qah1# {normal} 0-1

[Event "Retro WM 84 Glasgow"]
[Site "Detmold"]
[Date "2020.05.09"]
[Round "9"]
[White "Sargon III Macintosh 68000 , 7,83 MHz"]
[Black "Cyrus II Chess Amstrad , 8 MHz"]
[Result "1-0"]
[WhiteElo "1650"]
[BlackElo "1670"]
[PlyCount "129"]

1. e4 e5 2. Bc4 Nf6 3. d4 exd4 4. Nf3 d5 5. exd5 Bb4+ 6. c3 Qe7+ 7. Kf1 dxc3 8.
Nxc3 Bf5 9. Kg1 O-O 10. Nd4 Bg4 11. Nf3 Bxf3 12. gxf3 Re8 13. Bf4 a6 14. Kg2
Qc5 15. Qd3 b5 16. Bb3 Nbd7 17. Rhe1 Rxe1 18. Rxe1 Nb6 19. Rc1 Ra7 20. a3 Ba5
21. Bg5 Qd6 22. Ne4 Nxe4 23. Qxe4 g6 24. Qe8+ Qf8 25. Qxf8+ Kxf8 26. Bf4 Nd7
27. Bh6+ Kg8 28. Be3 Bb6 29. Kg3 Kg7 30. Bxb6 Nxb6 31. Kf4 a5 32. Ba2 Nc8 33.
Bb1 b4 34. Bd3 Nb6 35. Ke4 Na4 36. Rc2 b3 37. Rd2 Nc5+ 38. Kf4 Rb7 39. Bc4 Rb6
40. Re2 a4 41. Re7 Rb7 42. Re8 h6 43. Ke3 Kf6 44. Kd4 Nd7 45. Ra8 Ne5 46. Be2
g5 47. Rxa4 Ng6 48. Ra6+ Kg7 49. Kc5 Ne7 50. a4 Ng6 51. Ra8 Nf4 52. Bc4 Rb6 53.
a5 Rf6 54. a6 Ng2 55. a7 Nf4 56. Rb8 Ne6+ 57. dxe6 Rf5+ 58. Kb4 c5+ 59. Kb5
Rxf3 60. e7 Rf4 61. e8=Q Rxf2 62. Qg8+ Kf6 63. Qxf7+ Ke5 64. Re8+ Kd4 65. Qxf2#
{normal} 1-0